Portál na výmenu študijných materiálov

Gespeichert in:
Bibliographische Detailangaben
1. Verfasser: Imanbakiev, Alim, 1985- (Verfasst von)
Weitere Verfasser: Zeman, Jaroslav, 1982- (Betreuung Doktorarbeit)
Format: Manuskript Buch
Sprache:Slowakisch
Veröffentlicht: STU v Bratislave MTF UIAM, 2010
Schlagworte:
PHP
Online-Zugang:VAIS
Tags: Tag hinzufügen
Keine Tags, Fügen Sie das erste Tag hinzu!

MARC

LEADER 00000ntm a22000003a 4500
001 stu207931
005 20160719160326.7
008 100722s2010------------------------slo-d
040 |a STU  |b slo 
041 0 |a slo 
100 1 |a Imanbakiev, Alim,  |d 1985-  |4 aut  |X 48199  |7 A000048199 
242 0 0 |a Portal for Study Materials Exchange  |y eng 
245 1 |a Portál na výmenu študijných materiálov 
260 |b STU v Bratislave MTF UIAM,  |c 2010 
650 7 |a PHP  |2 stusub 
650 7 |a PHP  |2 stusub 
700 1 |a Zeman, Jaroslav,  |d 1982-  |4 ths  |u M180  |U MTF Materiálovotechnologická fakulta  |T MTF Katedra aplikovanej informatiky a automatizácie  |X 4619  |U M180  |Y 166  |7 A000004619 
856 4 |a info a plný text  |u http://is.stuba.sk/zp/portal_zp.pl?podrobnosti=46807  |3 VAIS 
996 |c M*BP-4687  |l MMSKP  |s P  |a 0  |w stu207931_0001